[Event "ESP-Tch CECLUB GpA"]
[Site "Burguillos ESP"]
[Date "2010.08.13"]
[Round "5"]
[White "Kovalyov, Anton"]
[Black "Garza Marco, Sergio"]
[Result "1-0"]
[WhiteElo "2599"]
[BlackElo "2453"]
[PlyCount "109"]
[GameId "2129405076634327"]
[EventDate "2010.08.09"]
[EventType "team"]
[EventRounds "5"]
[EventCountry "ESP"]
[SourceTitle "The Week in Chess 823"]
[Source "Mark Crowther"]
[SourceDate "2010.08.16"]
[SourceVersion "1"]
[SourceVersionDate "2010.08.16"]
[SourceQuality "2"]

1. Nf3 d5 2. d4 c6 3. c4 e6 4. e3 f5 5. Bd3 Nf6 6. O-O Bd6 7. b3 Qe7 8. Bb2 b6 9. Ne5 O-O 10. Qc1 Bb7 11. cxd5 cxd5 12. Ba3 Rc8 13. Bxd6 Qxd6 14. Qb2 Nbd7 15. Nd2 Rc7 16. Rac1 Rac8 17. Ndf3 Nb8 18. Rxc7 Rxc7 19. b4 Nfd7 20. Nxd7 Nxd7 21. b5 Bc8 22. a4 Nf6 23. Ra1 Bd7 24. h3 Be8 25. a5 Nd7 26. axb6 Nxb6 27. Ra6 Qe7 28. Ne5 g5 29. Ra1 Nc8 30. g4 fxg4 31. hxg4 Nd6 32. Ra6 Rb7 33. Nc6 Bxc6 34. Rxc6 Rb6 35. Qa3 Rxc6 36. bxc6 Qc7 37. Qc5 h6 38. Kg2 Kf7 39. f4 a5 40. f5 a4 41. fxe6+ Kxe6 42. Bf5+ Nxf5 43. gxf5+ Kxf5 44. Qxd5+ Kf6 45. Qc4 a3 46. d5 Ke7 47. Qb4+ Qd6 48. Qb7+ Kd8 49. e4 h5 50. Qg7 Qe7 51. Qh8+ Kc7 52. Qd4 Kc8 53. d6 Qf8 54. Qb4 Qf7 55. Qxa3 1-0

[Event "Artemis Cup"]
[Site "Leros GRE"]
[Date "2010.07.13"]
[Round "1"]
[White "Kovalyov, Anton"]
[Black "Horvath, Reka"]
[Result "1-0"]
[WhiteElo "2599"]
[BlackElo "1967"]
[PlyCount "57"]
[GameId "2129405077490154"]
[EventDate "2010.07.13"]
[EventType "swiss"]
[EventRounds "9"]
[EventCountry "GRE"]
[SourceTitle "The Week in Chess 820"]
[Source "Mark Crowther"]
[SourceDate "2010.07.26"]
[SourceVersion "1"]
[SourceVersionDate "2010.07.26"]
[SourceQuality "2"]

1. Nf3 Nf6 2. c4 g6 3. Nc3 d5 4. Qa4+ c6 5. cxd5 Nxd5 6. Nxd5 Qxd5 7. e4 Qd8 8. d4 Bg7 9. h3 O-O 10. Be2 c5 11. dxc5 Nd7 12. Qa3 b6 13. cxb6 Qxb6 14. Rb1 Qc6 15. Be3 Ne5 16. Nxe5 Bxe5 17. O-O Be6 18. Rfe1 Qd7 19. Rbd1 Qb7 20. b4 Rac8 21. Ba6 Qxe4 22. Bxc8 Rxc8 23. Qxa7 Ra8 24. Qxe7 Bxa2 25. Rd8+ Rxd8 26. Qxd8+ Kg7 27. Rc1 Bf6 28. Qd2 Bd5 29. Bh6+ 1-0

[Event "Artemis Cup"]
[Site "Leros GRE"]
[Date "2010.07.14"]
[Round "2"]
[White "Calzetta Ruiz, Monica"]
[Black "Kovalyov, Anton"]
[Result "0-1"]
[WhiteElo "2256"]
[BlackElo "2599"]
[PlyCount "60"]
[GameId "2129405077490159"]
[EventDate "2010.07.13"]
[EventType "swiss"]
[EventRounds "9"]
[EventCountry "GRE"]
[SourceTitle "The Week in Chess 820"]
[Source "Mark Crowther"]
[SourceDate "2010.07.26"]
[SourceVersion "1"]
[SourceVersionDate "2010.07.26"]
[SourceQuality "2"]

1. e4 c5 2. Nc3 a6 3. g3 b5 4. Bg2 Bb7 5. d3 e6 6. Nh3 b4 7. Nb1 d5 8. O-O Nf6 9. Bg5 Be7 10. Nd2 Nc6 11. exd5 Nxd5 12. Ne4 f6 13. Nf4 Kd7 14. Bh3 Nc7 15. Re1 fxg5 16. Bxe6+ Nxe6 17. Nxe6 Kxe6 18. Nxg5+ Kd7 19. Qg4+ Ke8 20. Ne6 Qd6 21. Re4 Nd4 22. Nxd4 cxd4 23. Rxd4 h5 24. Qxg7 Qf6 25. Qxf6 Bxf6 26. Re1+ Kf8 27. Rxb4 Bd5 28. c4 Bf7 29. c5 Kg7 30. d4 Rad8 0-1

[Event "Artemis Cup"]
[Site "Leros GRE"]
[Date "2010.07.15"]
[Round "3"]
[White "Kovalyov, Anton"]
[Black "Schneider, Stefan"]
[Result "1/2-1/2"]
[WhiteElo "2599"]
[BlackElo "2334"]
[PlyCount "47"]
[GameId "2129405077490173"]
[EventDate "2010.07.13"]
[EventType "swiss"]
[EventRounds "9"]
[EventCountry "GRE"]
[SourceTitle "The Week in Chess 820"]
[Source "Mark Crowther"]
[SourceDate "2010.07.26"]
[SourceVersion "1"]
[SourceVersionDate "2010.07.26"]
[SourceQuality "2"]

1. c4 Nf6 2. Nf3 c5 3. Nc3 e6 4. g3 b6 5. Bg2 Bb7 6. O-O Be7 7. d4 cxd4 8. Qxd4 d6 9. Rd1 a6 10. Bg5 Nbd7 11. Qd2 O-O 12. Bf4 Ne8 13. Rac1 Qc7 14. Qe3 e5 15. Bh3 Nc5 16. Nxe5 dxe5 17. Bxe5 Bd6 18. Rxd6 Nxd6 19. Bxg7 Kxg7 20. Qg5+ Kh8 21. Qf6+ Kg8 22. Qg5+ Kh8 23. Qf6+ Kg8 24. Qg5+ 1/2-1/2

[Event "Artemis Cup"]
[Site "Leros GRE"]
[Date "2010.07.16"]
[Round "5"]
[White "Kraidman, Yair"]
[Black "Kovalyov, Anton"]
[Result "0-1"]
[WhiteElo "2266"]
[BlackElo "2599"]
[PlyCount "96"]
[GameId "2129405077502480"]
[EventDate "2010.07.13"]
[EventType "swiss"]
[EventRounds "9"]
[EventCountry "GRE"]
[SourceTitle "The Week in Chess 820"]
[Source "Mark Crowther"]
[SourceDate "2010.07.26"]
[SourceVersion "1"]
[SourceVersionDate "2010.07.26"]
[SourceQuality "2"]

1. d4 Nf6 2. c4 e6 3. Nf3 b6 4. g3 c6 5. Bg2 d5 6. Nbd2 Be7 7. O-O Bb7 8. b3 O-O 9. Qc2 a5 10. Bb2 Na6 11. e4 Rc8 12. exd5 cxd5 13. Ne5 Nb4 14. Qb1 Rc7 15. Rc1 dxc4 16. bxc4 Bxg2 17. Kxg2 Nd7 18. Nef3 Qa8 19. a3 Na6 20. Qd3 Rd8 21. Qe3 h6 22. Kg1 Bf8 23. Rc2 b5 24. c5 Nf6 25. Qe2 Rb7 26. Ne5 Nc7 27. Rac1 Rbb8 28. Qf3 Qxf3 29. Ndxf3 Ra8 30. Bc3 Ra6 31. Rb1 Nfd5 32. Bd2 f6 33. Nd3 g5 34. h3 Ne7 35. Nc1 Nc6 36. Ne2 f5 37. Be3 Bg7 38. Nc3 b4 39. axb4 axb4 40. Ne2 Nb5 41. Rd1 Kf7 42. Rcd2 Rd5 43. h4 g4 44. Ne1 Rd8 45. Kg2 Ra3 46. Nc2 Ra4 47. Rb1 Nc7 48. Nf4 Rb8 0-1

[Event "Artemis Cup"]
[Site "Leros GRE"]
[Date "2010.07.17"]
[Round "6"]
[White "Kapnisis, Spyridon"]
[Black "Kovalyov, Anton"]
[Result "0-1"]
[WhiteElo "2514"]
[BlackElo "2599"]
[PlyCount "94"]
[GameId "2129405077502489"]
[EventDate "2010.07.13"]
[EventType "swiss"]
[EventRounds "9"]
[EventCountry "GRE"]
[SourceTitle "The Week in Chess 820"]
[Source "Mark Crowther"]
[SourceDate "2010.07.26"]
[SourceVersion "1"]
[SourceVersionDate "2010.07.26"]
[SourceQuality "2"]

1. e4 c5 2. Nf3 d6 3. d4 cxd4 4. Nxd4 Nf6 5. Nc3 a6 6. Bg5 Nbd7 7. Qe2 Qa5 8. Bh4 e5 9. Nb3 Qc7 10. g3 h6 11. f4 Be7 12. a4 b6 13. Bg2 Bb7 14. O-O O-O 15. f5 Rfe8 16. g4 Nxe4 17. Nxe4 Bxh4 18. Nxd6 Bxg2 19. Nxe8 Bxf1 20. Nxc7 Bxe2 21. Nxa8 a5 22. h3 h5 23. gxh5 Bf3 24. Nc7 Be4 25. c3 Bxf5 26. Nd2 Bd8 27. Nd5 Be6 28. Ne3 Be7 29. Kg2 f5 30. c4 Nf6 31. Re1 Bb4 32. Re2 Nxh5 33. Rf2 Nf4+ 34. Kf1 Nd3 35. Rg2 Nxb2 36. Ke2 Nxa4 37. Nf3 Nc3+ 38. Kf1 f4 39. Ng4 Bxc4+ 40. Kg1 e4 41. Nfe5 Be6 42. Nf6+ Kf8 43. Nh7+ Ke7 44. Ng6+ Kd6 45. Nxf4 Bf5 46. Rxg7 Bxh7 47. Rxh7 a4 0-1

[Event "Artemis Cup"]
[Site "Leros GRE"]
[Date "2010.07.18"]
[Round "7"]
[White "Kovalyov, Anton"]
[Black "Nikolaidis, Ioannis"]
[Result "1/2-1/2"]
[WhiteElo "2599"]
[BlackElo "2493"]
[PlyCount "91"]
[GameId "2129405077502497"]
[EventDate "2010.07.13"]
[EventType "swiss"]
[EventRounds "9"]
[EventCountry "GRE"]
[SourceTitle "The Week in Chess 820"]
[Source "Mark Crowther"]
[SourceDate "2010.07.26"]
[SourceVersion "1"]
[SourceVersionDate "2010.07.26"]
[SourceQuality "2"]

1. Nf3 Nc6 2. d4 d5 3. Bf4 Bg4 4. e3 e6 5. c4 Bd6 6. Bg3 Nge7 7. Nc3 O-O 8. cxd5 exd5 9. Be2 a6 10. Rc1 Qd7 11. a3 Bxf3 12. Bxf3 Nd8 13. Qb3 c6 14. Na4 Nc8 15. Nc5 Qe7 16. Be2 g6 17. Qc2 Ne6 18. b4 Ng7 19. O-O Bxg3 20. hxg3 Nd6 21. a4 Ngf5 22. Bd3 h5 23. Rfe1 Qg5 24. Nd7 h4 25. g4 h3 26. g3 Nh6 27. f4 Qe7 28. Ne5 Kg7 29. g5 Nhf5 30. g4 Ng3 31. Bxg6 fxg6 32. Qxg6+ Kh8 33. Qh6+ Kg8 34. Kh2 Nde4 35. Ng6 Qg7 36. Nxf8 Kxf8 37. Rc2 a5 38. Rb1 axb4 39. Rxb4 Kf7 40. Qxg7+ Kxg7 41. Kxh3 Kg6 42. Rh2 b5 43. axb5 cxb5 44. Kg2 Ra2+ 45. Kg1 Ra1+ 46. Kg2 1/2-1/2

[Event "Artemis Cup"]
[Site "Leros GRE"]
[Date "2010.07.19"]
[Round "8"]
[White "Kovalyov, Anton"]
[Black "Mastrovasilis, Athanasios"]
[Result "1/2-1/2"]
[WhiteElo "2599"]
[BlackElo "2539"]
[PlyCount "134"]
[GameId "2129405077502509"]
[EventDate "2010.07.13"]
[EventType "swiss"]
[EventRounds "9"]
[EventCountry "GRE"]
[SourceTitle "The Week in Chess 820"]
[Source "Mark Crowther"]
[SourceDate "2010.07.26"]
[SourceVersion "1"]
[SourceVersionDate "2010.07.26"]
[SourceQuality "2"]

1. c4 f5 2. Nf3 Nf6 3. g3 g6 4. d4 Bg7 5. b4 d6 6. Bb2 e5 7. dxe5 Nfd7 8. Bg2 Nc6 9. Qb3 Ndxe5 10. Nxe5 dxe5 11. Na3 Qe7 12. Nc2 e4 13. Bxg7 Qxg7 14. f3 exf3 15. exf3 O-O 16. c5+ Kh8 17. O-O-O f4 18. Qb2 Bf5 19. Nd4 a5 20. Nxf5 Rxf5 21. Qxg7+ Kxg7 22. Rd7+ Rf7 23. Rxf7+ Kxf7 24. b5 Nd4 25. Rd1 Rd8 26. Kb2 Ke7 27. Re1+ Kf6 28. Rd1 Ke5 29. Re1+ Kd5 30. Re7 Kxc5 31. Rxc7+ Kb6 32. Rxh7 Rc8 33. Rd7 Rc2+ 34. Kb1 Rxg2 35. Rxd4 fxg3 36. hxg3 Rxg3 37. a4 Rxf3 38. Kb2 g5 39. Rd5 g4 40. Rg5 g3 41. Ka2 Rf2+ 42. Kb3 Rg2 43. Kc3 Rg1 44. Kb2 Kc7 45. Rg7+ Kb6 46. Rg5 g2 47. Ka2 Kc7 48. Rg6 Kd7 49. Kb2 Ke7 50. Rg3 Kd6 51. Rg5 Ke6 52. Ka2 Kf6 53. Rg8 Kf5 54. Kb2 Kf4 55. Rf8+ Ke3 56. Re8+ Kd3 57. Rd8+ Kc4 58. Rg8 b6 59. Rg7 Kd3 60. Rd7+ Ke4 61. Rg7 Rd1 62. Rxg2 Rd4 63. Ka3 Rd3+ 64. Kb2 Kd4 65. Rg4+ Kc5 66. Rg5+ Kc4 67. Rg6 Kc5 1/2-1/2

[Event "Artemis Cup"]
[Site "Leros GRE"]
[Date "2010.07.20"]
[Round "9"]
[White "Bromann, Thorbjorn"]
[Black "Kovalyov, Anton"]
[Result "1/2-1/2"]
[WhiteElo "2426"]
[BlackElo "2599"]
[PlyCount "41"]
[GameId "2129405077502515"]
[EventDate "2010.07.13"]
[EventType "swiss"]
[EventRounds "9"]
[EventCountry "GRE"]
[SourceTitle "The Week in Chess 820"]
[Source "Mark Crowther"]
[SourceDate "2010.07.26"]
[SourceVersion "1"]
[SourceVersionDate "2010.07.26"]
[SourceQuality "2"]

1. e4 c5 2. Nf3 d6 3. d4 cxd4 4. Qxd4 Nc6 5. Bb5 Bd7 6. Bxc6 Bxc6 7. c4 f5 8. exf5 Qa5+ 9. Nc3 Qxf5 10. Nd5 Bxd5 11. cxd5 Nf6 12. Bg5 Nxd5 13. O-O h6 14. Bd2 Nf6 15. Rfe1 Qd5 16. Qa4+ Kf7 17. Rad1 Qc6 18. Qb3+ Qd5 19. Qa4 Qc6 20. Qb3+ Qd5 21. Qa4 1/2-1/2

[Event "Sparkassen op"]
[Site "Nettetal GER"]
[Date "2010.07.03"]
[Round "1.1"]
[White "Kovalyov, Anton"]
[Black "Kirchner, Stefan"]
[Result "1-0"]
[WhiteElo "2615"]
[BlackElo "1863"]
[PlyCount "137"]
[GameId "2129405077988468"]
[EventDate "2010.07.03"]
[EventType "swiss"]
[EventRounds "9"]
[EventCountry "GER"]

1. c4 e6 2. Nf3 Nf6 3. g3 d5 4. Bg2 c6 5. d4 Be7 6. O-O O-O 7. Bf4 Nbd7 8. Qb3 Qb6 9. Qc2 Re8 10. Nbd2 Qd8 11. e4 dxe4 12. Nxe4 Nxe4 13. Qxe4 Nf6 14. Qc2 Bd6 15. Bxd6 Qxd6 16. c5 Qc7 17. Ne5 Nd7 18. Nc4 Nf6 19. Rad1 Bd7 20. Rfe1 Rab8 21. Ne5 Bc8 22. f4 Rd8 23. Re2 Bd7 24. g4 Rbc8 25. g5 Nd5 26. Be4 g6 27. Rf1 Kg7 28. h4 Ne7 29. h5 Rb8 30. Qc3 Nd5 31. Qh3 Rh8 32. Rh2 Rbg8 33. h6+ Kf8 34. Bxd5 cxd5 35. Qa3 Bc6 36. b4 a6 37. Qb3 Ke7 38. a4 Ra8 39. Ra2 Rhb8 40. Rc1 Kf8 41. Qe3 Kg8 42. Ng4 Kh8 43. Qe5+ Qxe5 44. fxe5 Be8 45. Nf6 Bc6 46. Kf2 Rc8 47. Ke3 Rcb8 48. Kd2 Rc8 49. Rc3 Rcb8 50. Kc2 Rc8 51. Kb2 Ra7 52. Rca3 Raa8 53. Rb3 Be8 54. b5 axb5 55. axb5 Rxa2+ 56. Kxa2 Ra8+ 57. Ra3 Rxa3+ 58. Kxa3 Bxb5 59. Kb4 Bc6 60. Ka5 b5 61. cxb6 Bb7 62. Kb4 Ba8 63. Kc5 Bc6 64. Kd6 Ba8 65. Ke7 Bc6 66. Kf8 Bb5 67. b7 Bc6 68. b8=Q Be8 69. Nxe8 1-0

[Event "Sparkassen op"]
[Site "Nettetal GER"]
[Date "2010.07.04"]
[Round "2.1"]
[White "Schroeder, Jan Christian"]
[Black "Kovalyov, Anton"]
[Result "0-1"]
[WhiteElo "2052"]
[BlackElo "2615"]
[PlyCount "108"]
[GameId "2129405077988498"]
[EventDate "2010.07.03"]
[EventType "swiss"]
[EventRounds "9"]
[EventCountry "GER"]

1. e4 c5 2. Nf3 d6 3. d4 cxd4 4. Nxd4 Nf6 5. Nc3 a6 6. Be2 e5 7. Nb3 Be7 8. Bg5 Nbd7 9. a4 h6 10. Be3 b6 11. Bc4 Bb7 12. f3 Qc7 13. Qe2 O-O 14. O-O Rfc8 15. Nd2 Nc5 16. Rfd1 Ne6 17. Qf2 Nd4 18. Kh1 b5 19. axb5 axb5 20. Bxd4 bxc4 21. Ba7 d5 22. exd5 Nxd5 23. Nxd5 Bxd5 24. Ne4 Be6 25. Bb6 Rxa1 26. Rxa1 Qc6 27. Ra7 Bf8 28. Ra5 f5 29. Nc3 Bd6 30. Be3 Rb8 31. Bc1 Kh7 32. Qe2 Bc7 33. Ra2 Rd8 34. Be3 Ra8 35. Rxa8 Qxa8 36. Qe1 Qc6 37. Qd1 g5 38. Qa1 Kg6 39. Qa4 Qxa4 40. Nxa4 h5 41. h3 f4 42. Bc5 g4 43. hxg4 hxg4 44. Nc3 Kf5 45. Kg1 Bd8 46. Bd6 Bb6+ 47. Kf1 Bd4 48. Ke2 Bd7 49. Nd1 Bc6 50. c3 Bb6 51. Nf2 g3 52. Ng4 Bxf3+ 53. Kxf3 e4+ 54. Ke2 Kxg4 0-1

[Event "Sparkassen op"]
[Site "Nettetal GER"]
[Date "2010.07.05"]
[Round "3.1"]
[White "Kovalyov, Anton"]
[Black "Herbold, Manfred"]
[Result "1-0"]
[WhiteElo "2615"]
[BlackElo "2172"]
[PlyCount "43"]
[GameId "2129405077988530"]
[EventDate "2010.07.03"]
[EventType "swiss"]
[EventRounds "9"]
[EventCountry "GER"]

1. Nf3 c5 2. c4 Nc6 3. Nc3 g6 4. e3 Bg7 5. d4 Nf6 6. d5 Na5 7. e4 O-O 8. Be2 e5 9. Bg5 d6 10. Nd2 h6 11. Be3 Nh7 12. g4 Qh4 13. Nb5 Rd8 14. b4 a6 15. Nxd6 cxb4 16. Nxc8 Rdxc8 17. Bb6 Nc6 18. dxc6 Rxc6 19. Be3 Ng5 20. Qb3 a5 21. Nf3 Qxg4 22. Nxg5 1-0

[Event "Sparkassen op"]
[Site "Nettetal GER"]
[Date "2010.07.06"]
[Round "4.1"]
[White "Bakhmatov, Eduard"]
[Black "Kovalyov, Anton"]
[Result "0-1"]
[WhiteElo "2339"]
[BlackElo "2615"]
[PlyCount "72"]
[GameId "2129405077988561"]
[EventDate "2010.07.03"]
[EventType "swiss"]
[EventRounds "9"]
[EventCountry "GER"]

1. e4 c5 2. Nf3 d6 3. d4 cxd4 4. Nxd4 Nf6 5. Nc3 a6 6. Bc4 e6 7. Bb3 Nbd7 8. Qe2 Nc5 9. Bg5 Be7 10. f4 h6 11. Bxf6 Bxf6 12. O-O-O Qc7 13. Rhe1 Bd7 14. e5 dxe5 15. fxe5 Bg5+ 16. Kb1 O-O 17. Nf3 Be7 18. Ne4 Bb5 19. Qe3 Nxb3 20. cxb3 Rfd8 21. Rc1 Qd7 22. Nf2 Rac8 23. Red1 Rxc1+ 24. Rxc1 Bc6 25. Rd1 Qc7 26. Rxd8+ Qxd8 27. Nd3 Qd5 28. Kc2 Qe4 29. Qxe4 Bxe4 30. Kc3 f5 31. Nf4 Kf7 32. Nd4 g5 33. Nfxe6 Bxg2 34. b4 f4 35. Nc5 Bxc5 36. bxc5 f3 0-1

[Event "Sparkassen op"]
[Site "Nettetal GER"]
[Date "2010.07.07"]
[Round "5.1"]
[White "Kovalyov, Anton"]
[Black "Romanishin, Oleg"]
[Result "1-0"]
[WhiteElo "2615"]
[BlackElo "2544"]
[PlyCount "79"]
[GameId "2129405078050032"]
[EventDate "2010.07.03"]
[EventType "swiss"]
[EventRounds "9"]
[EventCountry "GER"]

1. Nf3 d5 2. d4 Nf6 3. c4 dxc4 4. e3 Bg4 5. Bxc4 e6 6. h3 Bh5 7. Nc3 Nbd7 8. O-O a6 9. Be2 c5 10. d5 e5 11. a4 Bxf3 12. Bxf3 Bd6 13. b3 O-O 14. e4 Rc8 15. Be2 Bc7 16. Qc2 Ba5 17. Nd1 Ne8 18. Bg4 Nd6 19. Ne3 Rc7 20. Bb2 Re8 21. Bxd7 Rxd7 22. Nc4 Nxc4 23. bxc4 Bc7 24. Bc3 a5 25. g3 Rd6 26. Kh2 Rh6 27. Bd2 Rg6 28. Rae1 h5 29. Re3 h4 30. Rf3 Rd6 31. Bc3 Rf6 32. Qd3 Rxf3 33. Qxf3 Qd7 34. gxh4 Qxa4 35. Rg1 Bd8 36. h5 Qd7 37. Qe3 Qd6 38. f4 Qh6 39. Qg3 Bf6 40. fxe5 {T} 1-0

[Event "Sparkassen op"]
[Site "Nettetal GER"]
[Date "2010.07.08"]
[Round "6.1"]
[White "Franco Alonso, Alejandro"]
[Black "Kovalyov, Anton"]
[Result "1/2-1/2"]
[WhiteElo "2480"]
[BlackElo "2615"]
[PlyCount "70"]
[GameId "2129405078050062"]
[EventDate "2010.07.03"]
[EventType "swiss"]
[EventRounds "9"]
[EventCountry "GER"]

1. d4 Nf6 2. c4 e6 3. g3 d5 4. Nf3 c6 5. Bg2 b6 6. Qc2 Nbd7 7. O-O Be7 8. Rd1 Ba6 9. b3 Rc8 10. Nbd2 c5 11. e4 O-O 12. exd5 exd5 13. Bb2 Bb7 14. Qf5 dxc4 15. Nxc4 b5 16. Nce5 Be4 17. Qh3 c4 18. bxc4 bxc4 19. Rac1 Nb6 20. Nd2 Bd5 21. Bxd5 Qxd5 22. Qf1 c3 23. Bxc3 Qxa2 24. Ra1 Qe6 25. Rdc1 Nbd5 26. Bb2 Bb4 27. Ndc4 Rc7 28. Ba3 Rfc8 29. Bxb4 Nxb4 30. Ne3 Nfd5 31. Rxc7 Rxc7 32. Qb5 f6 33. Nxd5 Nxd5 34. Nf3 Qd7 35. Qb3 Rb7 1/2-1/2

[Event "Sparkassen op"]
[Site "Nettetal GER"]
[Date "2010.07.09"]
[Round "7.2"]
[White "Kovalyov, Anton"]
[Black "Guennigmann, Manuel"]
[Result "1-0"]
[WhiteElo "2615"]
[BlackElo "2234"]
[PlyCount "75"]
[GameId "2129405078050093"]
[EventDate "2010.07.03"]
[EventType "swiss"]
[EventRounds "9"]
[EventCountry "GER"]

1. Nf3 Nf6 2. c4 d6 3. d4 Nbd7 4. Nc3 e5 5. e4 Be7 6. Be2 O-O 7. O-O c6 8. Qc2 a6 9. Rd1 Qc7 10. a3 b5 11. b4 Bb7 12. Bb2 Rfe8 13. cxb5 cxb5 14. d5 Nb6 15. Nd2 Na4 16. Rdc1 Rec8 17. Qb3 Nxb2 18. Qxb2 Qd7 19. a4 bxa4 20. Nc4 Bd8 21. Nxa4 Rab8 22. Bd3 Ba8 23. Qa3 h5 24. h3 g6 25. Na5 Bb7 26. Rxc8 Qxc8 27. Nb2 Bxa5 28. bxa5 Ne8 29. Nc4 Qc7 30. Rb1 Bc8 31. Rb6 Rxb6 32. axb6 Qd7 33. Na5 Kg7 34. Qc3 Bb7 35. Nxb7 Qxb7 36. Qc6 Qb8 37. Bxa6 Nf6 38. Qc7 1-0

[Event "Sparkassen op"]
[Site "Nettetal GER"]
[Date "2010.07.09"]
[Round "8.2"]
[White "Waldschmidt, Georg"]
[Black "Kovalyov, Anton"]
[Result "0-1"]
[WhiteElo "2241"]
[BlackElo "2615"]
[PlyCount "52"]
[GameId "2129405078050124"]
[EventDate "2010.07.03"]
[EventType "swiss"]
[EventRounds "9"]
[EventCountry "GER"]

1. e4 c5 2. Nf3 d6 3. d4 cxd4 4. Nxd4 Nf6 5. Nc3 a6 6. Bg5 Nbd7 7. f4 Qc7 8. Bd3 e5 9. Nf5 h6 10. Bxf6 Nxf6 11. O-O Be6 12. Kh1 g6 13. Ne3 exf4 14. Rxf4 Bg7 15. Qe2 O-O 16. Raf1 Qd8 17. Ncd5 Nd7 18. Qf2 Be5 19. Rh4 Qg5 20. Nc4 Bxd5 21. exd5 f5 22. Nxe5 Nxe5 23. Be2 Ng4 24. Qg3 Ne3 25. Rf3 Rae8 26. Bd3 Nxc2 0-1

[Event "Mayors Cup"]
[Site "Mumbai IND"]
[Date "2010.06.02"]
[Round "1"]
[White "Kambli, Pushkaraj"]
[Black "Kovalyov, Anton"]
[Result "0-1"]
[WhiteElo "1848"]
[BlackElo "2615"]
[PlyCount "58"]
[GameId "2129405078635024"]
[EventDate "2010.06.02"]
[EventType "swiss"]
[EventRounds "11"]
[EventCountry "IND"]
[SourceTitle "The Week in Chess 813"]
[Source "Mark Crowther"]
[SourceDate "2010.06.07"]
[SourceVersion "1"]
[SourceVersionDate "2010.06.07"]
[SourceQuality "2"]

1. d4 Nf6 2. c4 e6 3. Nc3 Bb4 4. Qc2 c5 5. Nf3 cxd4 6. Nxd4 Nc6 7. Nf3 d5 8. e3 O-O 9. Be2 d4 10. exd4 Nxd4 11. Nxd4 Qxd4 12. O-O Bxc3 13. Be3 Qe5 14. bxc3 Qc7 15. Rfd1 Bd7 16. Rd4 Bc6 17. Rh4 Qe5 18. Bd3 h6 19. Qd2 Rfd8 20. Re1 Qa5 21. Bd4 Qg5 22. Qxg5 hxg5 23. Rh3 Nd7 24. Bf1 Re8 25. Rg3 f6 26. h4 e5 27. Be3 gxh4 28. Rg4 g5 29. g3 Bf3 0-1

[Event "Mayors Cup"]
[Site "Mumbai IND"]
[Date "2010.06.03"]
[Round "2"]
[White "Kovalyov, Anton"]
[Black "Ramakrishna, J."]
[Result "1-0"]
[WhiteElo "2615"]
[BlackElo "2246"]
[PlyCount "77"]
[GameId "2129405078635046"]
[EventDate "2010.06.02"]
[EventType "swiss"]
[EventRounds "11"]
[EventCountry "IND"]
[SourceTitle "The Week in Chess 813"]
[Source "Mark Crowther"]
[SourceDate "2010.06.07"]
[SourceVersion "1"]
[SourceVersionDate "2010.06.07"]
[SourceQuality "2"]

1. c4 c5 2. Nf3 Nc6 3. Nc3 g6 4. e3 Nf6 5. d4 cxd4 6. exd4 d5 7. cxd5 Nxd5 8. Qb3 Nxc3 9. Bc4 e6 10. bxc3 Be7 11. Bh6 Bf8 12. Bxf8 Kxf8 13. h4 h6 14. Bd3 b6 15. Be4 Bb7 16. O-O Kg7 17. Rfe1 Rc8 18. Qa3 Rc7 19. Rac1 Qf6 20. h5 g5 21. Bxc6 Bxc6 22. Ne5 Ba8 23. c4 Rhc8 24. Qb2 Kg8 25. f3 Qf4 26. Rcd1 Qg3 27. Qe2 Kg7 28. Rd3 Re8 29. Rf1 Qf4 30. Rd2 Rd8 31. Rfd1 Rdc8 32. Rd3 Re8 33. Ra3 Rec8 34. Qb2 f6 35. Ng4 Rxc4 36. Rxa7+ Kh8 37. d5 e5 38. Qxb6 Rf8 39. Qd6 1-0

[Event "Mayors Cup"]
[Site "Mumbai IND"]
[Date "2010.06.03"]
[Round "3"]
[White "Palit, Somak"]
[Black "Kovalyov, Anton"]
[Result "1/2-1/2"]
[WhiteElo "2385"]
[BlackElo "2615"]
[PlyCount "162"]
[GameId "2129405078635073"]
[EventDate "2010.06.02"]
[EventType "swiss"]
[EventRounds "11"]
[EventCountry "IND"]
[SourceTitle "The Week in Chess 813"]
[Source "Mark Crowther"]
[SourceDate "2010.06.07"]
[SourceVersion "1"]
[SourceVersionDate "2010.06.07"]
[SourceQuality "2"]

1. e4 c5 2. b3 b6 3. Bb2 Bb7 4. Nc3 e6 5. Nf3 a6 6. d4 cxd4 7. Nxd4 d6 8. Bd3 Nf6 9. O-O Nbd7 10. Qe2 Nc5 11. b4 Nxd3 12. cxd3 Be7 13. b5 O-O 14. Rfc1 Rc8 15. a4 Nd7 16. Nf3 Nc5 17. Rd1 d5 18. exd5 Bxd5 19. Nxd5 Qxd5 20. Qe5 Qxe5 21. Nxe5 f6 22. Nc6 Bd6 23. Ba3 axb5 24. axb5 Ra8 25. Bxc5 Bxc5 26. d4 Bd6 27. f3 Kf7 28. Kf2 Rfc8 29. h3 Ke8 30. Ke3 Kd7 31. Ke4 g6 32. Kd3 Bc7 33. Kc4 Kd6 34. Kb3 Rxa1 35. Rxa1 h5 36. Ra7 Re8 37. Kc4 e5 38. dxe5+ fxe5 39. Kd3 g5 40. Nb4 Rf8 41. Na6 Bd8 42. Ra8 Kd5 43. Nc7+ Kd6 44. Na6 Kd5 45. Rc8 Be7 46. Rc6 Bd6 47. Rxb6 g4 48. hxg4 hxg4 49. Ke2 Rc8 50. fxg4 Rc2+ 51. Kf1 Rc1+ 52. Ke2 Rc2+ 53. Kf1 e4 54. Rc6 Rb2 55. Nc7+ Ke5 56. Ne8 Bb4 57. Ng7 Kf4 58. Nf5 Kxg4 59. Ne3+ Kf4 60. Nd5+ Ke5 61. Nxb4 Rxb4 62. b6 Kf4 63. Rc3 Rxb6 64. Ra3 Rb2 65. Rc3 Ke5 66. Ra3 Kd4 67. Rh3 Rb1+ 68. Kf2 Ra1 69. Rg3 Ra2+ 70. Kf1 e3 71. Rg8 Rf2+ 72. Ke1 Rf6 73. Rd8+ Ke4 74. Re8+ Kd3 75. Rd8+ Ke4 76. Re8+ Kf4 77. Ke2 Ra6 78. Rf8+ Ke4 79. Re8+ Kf4 80. Rf8+ Kg3 81. Rg8+ Kf4 1/2-1/2

[Event "Mayors Cup"]
[Site "Mumbai IND"]
[Date "2010.06.05"]
[Round "5"]
[White "Himanshu, Sharma"]
[Black "Kovalyov, Anton"]
[Result "0-1"]
[WhiteElo "2440"]
[BlackElo "2615"]
[PlyCount "100"]
[GameId "2129405078635113"]
[EventDate "2010.06.02"]
[EventType "swiss"]
[EventRounds "11"]
[EventCountry "IND"]
[SourceTitle "The Week in Chess 813"]
[Source "Mark Crowther"]
[SourceDate "2010.06.07"]
[SourceVersion "1"]
[SourceVersionDate "2010.06.07"]
[SourceQuality "2"]

1. e4 c5 2. Nf3 d6 3. d4 cxd4 4. Nxd4 Nf6 5. Nc3 a6 6. g3 e5 7. Nb3 Be6 8. Bg2 Nbd7 9. O-O h5 10. h3 h4 11. g4 Be7 12. Nd5 Bxd5 13. exd5 Rc8 14. Kh1 Qc7 15. c3 Nh7 16. f4 exf4 17. Bxf4 O-O 18. Nd4 Bf6 19. Nf5 Ne5 20. Qd2 Qd8 21. Rad1 g6 22. Nd4 Bg5 23. b3 Bxf4 24. Rxf4 Qa5 25. Rc1 Rfe8 26. g5 Qd8 27. Rxh4 Qxg5 28. Qxg5 Nxg5 29. c4 Kg7 30. Kh2 b5 31. Kg3 bxc4 32. bxc4 Nxc4 33. Rg4 f6 34. h4 Ne5 35. Rxc8 Rxc8 36. Rf4 Rc3+ 37. Kh2 Ngf7 38. Ne6+ Kh6 39. Ra4 f5 40. Kg1 Ng4 41. Bf1 Rc1 42. Ra3 Nfe5 43. Kg2 a5 44. Nf4 Nc4 45. Bxc4 Rxc4 46. Kg3 a4 47. Ne2 Nf6 48. Kh3 Nxd5 49. Rd3 Nf4+ 50. Nxf4 Rxf4 0-1